Movies Quiz

Random Movies Quiz

Ferris Bueller's Day Off Quiz Stats

 Plays Quiz not verified by Sporcle

Challenge
Share
Tweet
Embed
Score 0/10 Timer 10:00
0 Plays Today
Question Answer % Correct
What is his friend called?Cameron
88%
'Ferris Bueller, You're my .......'hero
85.9%
What did Ferris get instead of a car?a computer
80.5%
What chases the head teacher?a dog
77.1%
What car do they drive all day?Ferrari
76.1%
how many times was ferris off school?nine
71.3%
What is the head teacher's secretary called?Grace
62.3%
'They........it'bought
54.3%
What does Ferris do to fake being ill?Lick his palms
35.9%
How does Ferris get his girlfriend out of school?Says her Grandma died.
5.9%

You're not logged in!

Compare scores with friends on all Sporcle quizzes.
Join for Free
OR
Log In

You Might Also Like...

Show Comments

Extras

Created Mar 24, 2013ReportNominate
Tags:bueller, ferri, off

Top Quizzes Today


Score Distribution

Your Account Isn't Verified!

In order to create a playlist on Sporcle, you need to verify the email address you used during registration. Go to your Sporcle Settings to finish the process.

Report this User

Report this user for behavior that violates our Community Guidelines.

Details: